• 首页
  • 本馆介绍
  • 公告通知
  • 最新文献
  • 馆藏检索
  • 电子资源
  • 读者导购
  • 参考咨询
  • 我的图书馆
  • 登录
  • 详细信息显示
  • 放入我的书架
  • 预约/预借图书
  • 作者相关作品
  • 分类相关作品
  • 丛书相关作品
  • 出版社相关作品

书目信息

  • 表格格式
  • 工作单格式
  • 卡片格式
题名:
社会哲学
    
 
作者: 王南湜 著
分册:  
出版信息: 昆明   云南人民出版社  2001
页数: 10,375页
开本: 21cm
丛书名: 哲学理论创新丛书
单 册:
中图分类: B0 , B0
科图分类:
主题词: 社会哲学--研究 , 社会哲学 , 哲学理论
电子资源:
ISBN: 7-222-03116-2
000 01342oam2 2200337 450
001 1237458718
005 20121003102605.67
010    @a7-222-03116-2@dCNY26.50
100    @a20011212d2001 kemy0chiy50 ea
101 0  @achi
102    @aCN@b530000
105    @ay z 000yy
106    @ar
200 1  @a社会哲学@Ashe hui zhe xue@e现代实践哲学视野中的社会生活@f王南湜著
210    @a昆明@c云南人民出版社@d2001
215    @a10,375页@d21cm
225 2  @a哲学理论创新丛书
300    @a国家教育部博士点基金项目资助 本数据取自后记
314    @a王南湜(1953~),陕西凤翔人,南开大学哲学系教授、博士生导师、系主任,全国认识论研究会秘书长。著有《人类活动论导引》、《从领域合一到领域分离》、《现代唯物主义导引》等。
330    @a本书主要研究内容:社会哲学的视野、社会生活的描述或社会存在论、超越原子论整体论、社会价值及其结构、社会变迁的一般规律等。
461  0 @12001 @a哲学理论创新丛书
510 1  @aSocial Philosophy from a Perspective of Contemporary Practical Philosophy@zeng
517 1  @a现代实践哲学视野中的社会生活@Axian dai shi jian zhe xue shi ye zhong de she hui sheng huo
606 0  @a社会哲学@x研究
606 0  @a社会哲学
606 0  @a哲学理论
690    @aB0@v4
690    @aB0@v4
701  0 @a王南湜@f(1953.7~)@Awang nan shi@4著
801  0 @aCN@bNLC@c20011219
905    @a10447@dB0@eJY130
    
    社会哲学:现代实践哲学视野中的社会生活/王南湜著 .-昆明:云南人民出版社,2001
    10,375页;21cm .-(哲学理论创新丛书 )
    国家教育部博士点基金项目资助 本数据取自后记
    
    ISBN 7-222-03116-2:CNY26.50
    本书主要研究内容:社会哲学的视野、社会生活的描述或社会存在论、超越原子论整体论、社会价值及其结构、社会变迁的一般规律等。
●
相关链接 在E读中查询图书 在五车中查询图书 在当当中查询图书 在豆瓣中查询图书


正题名:社会哲学     索取号:B0/JY130         预约/预借

序号 登录号 条形码 馆藏地/架位号 状态 备注
1 7809747   278097471   学院路分馆/ [索取号:B0/JY130] 在馆    
2 7809748   278097480   学院路分馆/ [索取号:B0/JY130] 在馆    
3 7809749   278097499   学院路分馆/ [索取号:B0/JY130] 在馆    
唐山师范学院图书馆 欢迎您!
大连网信软件有限公司© 版权所有